000 00768cam a2200253 a 4500
999 _c5101
_d5101
001 2411082
003 OSt
005 20181220130147.0
008 860403s1985 okuc b 000 0 eng
010 _a 86140071
020 _a0892743883 (pbk.)
040 _aDLC
_cDLC
_dDLC
050 0 0 _aBS2685.3
_b.Y35 1985
082 0 0 _a227.4
_219
_bY21G
100 1 _aYandian, Bob.
245 1 0 _aGalatians :
_bthe spirit-controlled life /
_cby Bob Yandian.
260 _aTulsa, Okla. :
_bHarrison House,
_cc1985.
300 _a265 p. :
_bport. ;
_c22 cm.
504 _aBibliography: p. 265.
630 0 0 _aBible.
_pGalatians
_xCommentaries.
730 0 _aBible.
_pGalatians.
_lEnglish.
_sAuthorized.
_f1985.
906 _a7
_bcbc
_corignew
_d3
_encip
_f19
_gy-gencatlg
942 _2ddc
_cBK